000 00540nam a2200181Ia 4500
008 131103s9999 xx 000 0 und d
040 _aLoreto College
041 _aEnglish
082 _a895/WAL
_bLCLIB/13359
100 _aWaley,Arthur
245 _aBallads and stories from Tim - Hung
_b an anthology
_cArthur Waley
260 _aLondon
_bGeorge Allen & Unwin
_c1960
300 _a273 p.
_c 22 cm.
504 _aIncludes bibliographical references and index
650 _aSino - Tibetan Literature
850 _aLCLIB
942 _cBK
999 _c13674
_d64153